000 00275nam a2200097Ia 4500
005 20250424112853.0
008 250424s9999 xx 000 0 und d
300 _aiv, 78 p. :ill. ; 29 cm.
650 _aMedicine--Periodicals. Medicine, Experimental--Periodicals.
942 _cSR
999 _c37616
_d37616